Gaming Quiz

Random Gaming or Mario Quiz

Mario Games Released in 1991 Quiz Stats

 Plays Quiz not verified by Sporcle

Also try: Color in Pikachu
Challenge
Share
Tweet
Embed
Score 0/6 Timer 01:30
0 Plays Today
System Game % Correct
NES/Game BoyYoshi
100%
Game & WatchMario the Juggler
66.7%
ArcadeMario Roulette
33.3%
DOSSuper Mario Bros. & Friends: When I Grow Up
33.3%
NESNES Open Tournament Golf
33.3%
DOSMario Teaches Typing
33.3%

You're not logged in!

Compare scores with friends on all Sporcle quizzes.
Join for Free
OR
Log In

You Might Also Like...

Show Comments

Extras

Created Jan 13, 2013ReportNominate
Tags:Mario Quiz, 1991, released, system

Top Quizzes Today


Score Distribution

Your Account Isn't Verified!

In order to create a playlist on Sporcle, you need to verify the email address you used during registration. Go to your Sporcle Settings to finish the process.

Report this User

Report this user for behavior that violates our Community Guidelines.

Details: